|
|
|
|
| LEADER |
01124nam a22003017a 4500 |
| 001 |
36158 |
| 003 |
BD-DhAAL |
| 005 |
20211206112600.0 |
| 008 |
200226t1994 enka 001 | eng|d |
| 999 |
|
|
|c 42262
|d 42262
|
| 020 |
|
|
|a 0304327662
|
| 020 |
|
|
|a 9780304327669
|
| 040 |
|
|
|a BD-DhAAL
|
| 082 |
|
|
|a 502
|
| 100 |
|
|
|a Carlton, Kevin.
|9 39614
|
| 245 |
|
|
|a Physical sciences :
|b a primary teacher's guide /
|c Kevin Carlton and Eric Parkinson.
|
| 260 |
|
|
|a London ;
|a New York :
|b Cassell,
|c 1994.
|
| 300 |
|
|
|a 168 pages :
|b 73 illustrations ;
|c 24 cm.
|
| 490 |
|
|
|a Cassell education.
|
| 500 |
|
|
|a Includes index.
|
| 526 |
|
|
|a BIED
|
| 541 |
|
|
|a Complimentary copy from BIED
|e 36158
|
| 650 |
|
|
|a Physical sciences
|x Study and teaching (Elementary).
|9 39615
|
| 700 |
|
|
|a Parkinson, Eric.
|9 39616
|
| 830 |
|
|
|a Cassell education.
|9 39617
|
| 852 |
|
|
|a Ayesha Abed Library
|c BIED Collection
|
| 942 |
|
|
|2 ddc
|c BK
|
| 952 |
|
|
|0 0
|1 0
|2 ddc
|4 0
|6 502_000000000000000_CAR
|7 0
|9 68018
|a BRACUL
|b BRACUL
|c GEN
|d 2020-02-26
|e Complimentary copy from BIED
|l 0
|o 502 CAR
|p 3010036158
|r 2020-02-26
|t 1
|w 2020-02-26
|y BK
|x Transferred from BIED to General Stacks
|